000 002730000a22000970004500
100 1 _aSuárez, Jairo
245 1 0 _aEl ofertorio como señal de comunión integral
300 _aVol.17, núm.17 (Junio, 2005), Páginas 2-3
773 0 _tLa Voz Luterana de Colombia
942 _cANA
999 _c60539
_d60539